| 000 | 00746cam a22002533a 4500 | ||
|---|---|---|---|
| 001 | 33271 | ||
| 003 | PGUSA | ||
| 005 | 20140828083723.0 | ||
| 008 | 100727s2010||||xxu|||||s|||||000 1 eng d | ||
| 040 |
_aPGUSA _beng |
||
| 042 | _adc | ||
| 050 | 4 | _aPS | |
| 100 | 1 |
_aHanshew, Thomas W., _d1857-1914 |
|
| 245 | 1 | 4 |
_aThe Riddle of the Night _h[electronic resource] / _cThomas W. Hanshew |
| 260 |
_bProject Gutenberg, _c2010 |
||
| 506 | _aPublic domain in the USA. | ||
| 516 | _aElectronic text | ||
| 653 | _aMurder -- Fiction | ||
| 653 | _aCleek, Hamilton (Fictitious character) -- Fiction | ||
| 653 | _aDetective and mystery stories | ||
| 830 | 0 |
_aProject Gutenberg _v33271 |
|
| 856 | 4 | 0 | _uhttp://www.gutenberg.org/ebooks/33271 |
| 942 | _cEB | ||
| 999 |
_c262526 _d262526 |
||